000 00239nam a2200121Ia 4500
100 _a#N/A
650 _aComputer/ IT
942 _cBK
654 _aLINUX 2008
245 _aPCQ LINUX 2008 Bootable CD
260 _b#N/A
546 _aENGLISH
999 _c20168
_d20168